El lobito caperucito (Registro nro. 11983)
[ vista simple ]
| 000 - LÍDER | |
|---|---|
| campo de control de longitud fija | 01172nam a2200337 i 4500 |
| 003 - IDENTIFICADOR DE NÚMERO DE CONTROL | |
| campo de control | OSt |
| 005 - FECHA Y HORA DE LA ÚLTIMA TRANSACCIÓN | |
| campo de control | 20210818181708.0 |
| 008 - ELEMENTOS DE DATOS DE LONGITUD FIJA - INFORMACIÓN GENERAL | |
| campo de control de longitud fija | 001213s1999 sp a jr 00011dspa d |
| 020 ## - INTERNATIONAL STANDARD BOOK NUMBER | |
| International Standard Book Number | 8437223539 |
| 040 ## - FUENTE DE CATALOGACIÓN | |
| Lenguaje de catalogación | spa |
| Agencia de catalogación original | COMFC |
| Descripción convenciones | rda |
| 041 1# - CÓDIGO DE LENGUAJE | |
| Código de idioma de texto / pista de sonido o título separado | spa |
| Código de idioma del original | eng |
| 082 04 - NÚMERO DE CLASIFICACIÓN DECIMAL DEWEY | |
| Número de clasificación | 823.8 |
| Número de artículo | AN596l |
| 100 1# - ENTRADA PRINCIPAL - NOMBRE PERSONAL | |
| Nombre de la persona | Anholt, Laurence. |
| Término del Relator | aut |
| 245 13 - TÍTULO DECLARACIÓN | |
| Título | El lobito caperucito |
| Declaración de responsabilidad | Escrito por Laurence Anholt ; traducción Carlo Frabetti ; ilustración Arthur Robins |
| 250 ## - DECLARACIÓN DE EDICIÓN | |
| Sentencia de edición | Editora Elena Fernández-Arias Almagro. |
| 264 01 - AVISO DE PRODUCCIÓN, PUBLICACIÓN, DISTRIBUCIÓN, FABRICACIÓN Y DERECHOS DE AUTOR | |
| Lugar de producción | Madrid |
| Nombre del productor | Altea |
| Fecha de producción | 1999 |
| 300 ## - DESCRIPCIÓN FÍSICA | |
| Alcance | 63 páginas |
| Otros datos físicos | ilustraciones |
| Dimensiones | 20 cm |
| 336 ## - TIPO DE CONTENIDO | |
| Fuente | rdacontent |
| Tipo de contenido | txt |
| 337 ## - TIPO DE MEDIO | |
| Fuente | rdamedia |
| Término del tipo de medio | n |
| 338 ## - TIPO DE PORTADOR | |
| Fuente | rdacarrier |
| Término del tipo de operador | nc |
| 490 ## - DECLARACIÓN EN SERIE | |
| Estado de cuenta de la serie | Historias increíbles |
| 500 ## - NOTA GENERAL | |
| Nota general | Al pie de la caratula : Historias de siempre contadas como nunca. |
| 534 ## - NOTA DE VERSIÓN ORIGINAL | |
| Frase introductoria | Título original. |
| Declaración de título del original | Little red riding wolf. |
| 650 ## - ENTRADA DE SUJETO AÑADIDO - TÉRMINO TÓPICO | |
| Término tópico o elemento de entrada del nombre geográfico | Cuentos infantiles ingleses. |
| 650 ## - ENTRADA DE SUJETO AÑADIDO - TÉRMINO TÓPICO | |
| Término tópico o elemento de entrada del nombre geográfico | Lobos |
| -- | Cuentos infantiles. |
| 700 1# - ENTRADA AGREGADA - NOMBRE PERSONAL | |
| Nombre de la persona | Frabetti, Carlo, |
| Fechas asociadas a un nombre | 1945-, |
| Término del Relator | trl |
| 700 1# - ENTRADA AGREGADA - NOMBRE PERSONAL | |
| Nombre de la persona | Robins, Arthur, |
| Término del Relator | ill |
| 700 1# - ENTRADA AGREGADA - NOMBRE PERSONAL | |
| Nombre de la persona | Fernández-Arias Almagro, Elena, |
| Término del Relator | edt |
| 942 ## - ELEMENTOS DE ENTRADA AGREGADOS (KOHA) | |
| Fuente de clasificación o esquema de estanterías | Dewey Decimal Classification |
| Parte de clasificación | 823.8 AN596l |
| Prefijo del número de llamada | 823.8 |
| Sufijo del número de llamada | AN596l |
| 949 ## - INFORMACIÓN DE PROCESAMIENTO LOCAL (OCLC) | |
| a | |
| Estado de retirada | Pérdida de estatus | Fuente de clasificación o esquema de estanterías | Estado dañado | No para préstamo | Código de recogida | Ubicación permanente | Ubicación actual | Ubicación de las estanterías | Fecha de adquisición | Total de Cajas | Número Topográfico | Código de barras | Precio efectivo desde | Número de copia | Fecha de la última salida | Fecha de la última vez que se vio | Tipo de artículo Koha | Nota pública |
|---|---|---|---|---|---|---|---|---|---|---|---|---|---|---|---|---|---|---|
| Dewey Decimal Classification | General | Biblioteca Pública Departamental Comfamiliar Risaralda | Biblioteca Pública Departamental Comfamiliar Risaralda | Área General | 21/07/2017 | 1 | 823.8 AN596l | 1001316 | 18/08/2021 | Ej. 1 | 01/06/2019 | 07/06/2019 | Libro | Cuentos Infantiles |